2025-2026 Philadelphia Eagles Roster - Statistics

General Stats
  • This quiz has been taken 134 times
  • The average score is 32 of 52
Answer Stats
Position Name % Correct
Wide Receiver A.J. Brown
100%
Running Back Saquon Barkley
100%
Quarterback Jalen Hurts
98%
Wide Receiver DeVonta Smith
96%
Tight End Dallas Goedert
95%
Linebacker Nolan Smith Jr.
95%
Safety Sydney Brown
95%
Cornerback Cooper DeJean
88%
Wide Receiver Jahan Dotson
88%
Offensive Lineman Lane Johnson
86%
Cornerback Quinyon Mitchell
86%
Linebacker Zack Baun
86%
Offensive Lineman Fred Johnson
84%
Offensive Lineman Jordan Mailata
84%
Quarterback Tanner McKee
84%
Defensive Lineman Jalen Carter
82%
Defensive Lineman Jordan Davis
81%
Safety Reed Blankenship
81%
Running Back Tank Bigsby
81%
Cornerback Michael Carter II
79%
Running Back Will Shipley
79%
Offensive Lineman Cam Jurgens
77%
Tight End Grant Calcaterra
77%
Offensive Lineman Landon Dickerson
75%
Punter Braden Mann
72%
Placekicker Jake Elliott
72%
Linebacker Nakobe Dean
65%
Wide Receiver Darius Cooper
61%
Linebacker Jihaad Campbell
60%
Cornerback Kelee Ringo
60%
Quarterback Sam Howell
60%
Cornerback Adoree’ Jackson
58%
Running Back A.J. Dillon
58%
Defensive Lineman Moro Ojomo
56%
Offensive Lineman Tyler Steen
49%
Defensive Lineman Brandon Graham
46%
Linebacker Jalyx Hunt
46%
Safety Andrew Mukuba
44%
Linebacker Jeremiah Trotter Jr.
39%
Defensive Lineman Ty Robinson
35%
Linebacker Jaelan Phillips
33%
Offensive Lineman Brett Toth
30%
Tight End Kylen Granson
28%
Linebacker Smael Mondon Jr.
25%
Tight End Cameron Latu
23%
Cornerback Jakorian Bennett
23%
Cornerback Mac McWilliams
23%
Offensive Lineman Matt Pryor
23%
Offensive Lineman Drew Kendall
18%
Linebacker Joshua Uche
18%
Long Snapper Cal Adomitis
5%
Wide Receiver Xavier Gipson
5%
No matching quizzes found
Score Distribution
Percent of People with Each Score
Percentile by Number Answered
Your Score History
You have not taken this quiz